000 00909nam a22002057a 4500
999 _c3654
_d3654
003 AR-CdUCM
008 190307b ||||| |||| 00| 0 spa d
040 _aMUNICIPALIDAD PROVINCIAL DEL CUSCO
_cBIBLIOTECA MUNICIPAL DEL CUSCO
082 _a301 /
_bSC29
100 _aSchiegelbergers, Bruno
_911896
245 _aLa tierra vive :
_breligión agraria y cristianismo en los Andes Centrales Peruanos /
260 _aCusco :
_bC. Capac. Agro Industrial "José Obrero",
_c1993.
300 _a437 páginas ;
_bmapa,
_c20 cm.
505 _aContenido: La problemática de la inculturación - El significado de una monografía basada en entrevistas abiertas - Quico - El lugar del estudio y sus alrededores - Preparación de la chicha - Las autoridades (cargoyoq) ...
650 _aAntología Cultural
_911897
650 _aCusco-Ocongate
_911898
650 _aReligión
_91195
942 _2ddc
_cLIBROS
945 _araen